000 01470cam a2200133 4500500
005 20260405085553.0
041 _afre
042 _adc
100 1 0 _aGalland, Olivier
_eauthor
245 0 0 _aSociologie de la jeunesse
260 _bArmand Colin,
_c2022.
520 _aLa jeunesse est une catégorie aux contours incertains. À quel âge débute-t-elle, à quel âge finit-elle ? La sociologie montre que la jeunesse est avant tout un passage dont les frontières et la définition ont évolué au cours de l’histoire et se modulent selon les situations sociales. L’affaiblissement des rites de passage, l’allongement des transitions professionnelles et la prolongation du temps des expériences qui tendent à repousser toujours plus tard l’accès à un plein statut adulte font que la jeunesse se décompose désormais en plusieurs phases – de l’adolescence au statut de jeune adulte – que ce livre tente de décrire. Devenu un « classique » du sujet depuis sa parution initiale en 1991, l’ouvrage repère et explique les évolutions significatives entraînées par ce mouvement général de recomposition sociale que la jeunesse subit parfois douloureusement. Cette 7e édition actualise les travaux récents sur l’entrée dans la vie adulte, les valeurs des jeunes, les comportements sexuels et la culture adolescente.
856 4 1 _uhttps://shs.cairn.info/sociologie-de-la-jeunesse--9782200631352?lang=fr&redirect-ssocas=7080
999 _c2198633
_d2198632